000 00472nam a2200181Ia 4500
001 23698
005 20260414150954.0
008 260414t2016||||xx |||||||||||||| ||spa||
041 _aESP
082 _a690.8
_bA77
100 _aArredondo Zambrano, Celia Esther
_eAUT
245 0 _aManual de vivienda sustentable :
_bprincipios básicos de diseño
260 _c2016
300 _a180 páginas :
_c21 cm.
650 _a0
654 _aCIC
942 _cLIB
_dJUS
_fJUS
_2ddc
_n
999 _c23698
_d23698